Kuntien vaakunat, joissa on eläin - Statistics

Yleistilastot
  • Tätä visaa on pelattu 45 kertaa
  • Keskiarvotulos 40 / 78
Vastaustilastot
Kuvavisa Vastaus % Oikein
Inari
84%
Vantaa
84%
Orivesi
81%
Orimattila
78%
Pori
72%
Hirvensalmi
69%
Multia
69%
Sipoo
69%
Enontekiö
66%
Heinola
66%
Kyyjärvi
66%
Oripää
66%
Oulu
66%
Pukkila
66%
Kemi
63%
Kotka
63%
Kuusamo
63%
Ii
59%
Laitila
59%
Perho
59%
Janakkala
56%
Kauniainen
56%
Lapua
56%
Nokia
56%
Raahe
56%
Raisio
56%
Geta
53%
Huittinen
53%
Kangasala
53%
Kittilä
53%
Mäntsälä
53%
Siikainen
53%
Eura
50%
Joroinen
50%
Keminmaa
50%
Oulainen
50%
Pietarsaari
50%
Siikajoki
50%
Siikalatva
50%
Simo
50%
Tervola
50%
Äänekoski
47%
Ilmajoki
47%
Laihia
47%
Liminka
47%
Marttila
47%
Nakkila
47%
Uusikaupunki
47%
Vöyri
47%
Hollola
44%
Kempele
44%
Kiuruvesi
44%
Kökar
44%
Luhanka
44%
Ruovesi
44%
Vesilahti
44%
Föglö
41%
Isokyrö
41%
Kauhajoki
41%
Kivijärvi
41%
Kumlinge
41%
Lumparland
41%
Pudasjärvi
41%
Viitasaari
41%
Brändö
38%
Evijärvi
38%
Luumäki
38%
Muhos
38%
Nousiainen
38%
Pyhäjoki
38%
Pyhtää
38%
Sauvo
38%
Polvijärvi
34%
Vehmaa
34%
Kontiolahti
31%
Kuortane
31%
Jämijärvi
25%
Tuusniemi
25%
Ehtoja vastaavia visoja ei löytynyt
Tulosjakauma
Jokaisen tuloksen saaneiden osuus
Persentiili vastausten määrän mukaan
Tuloshistoriasi
Et ole pelannut tätä visaa